| 000 | 02053cam a2200277zu 4500 | ||
|---|---|---|---|
| 001 | 45007907 | ||
| 003 | FRCYB45007907 | ||
| 005 | 20251020122947.0 | ||
| 006 | m o d | ||
| 007 | cr un | ||
| 008 | 251020s2005 fr | o|||||0|0|||fre d | ||
| 020 | _a9782844502599 | ||
| 035 | _aFRCYB45007907 | ||
| 040 |
_aFR-PaCSA _bfr _c _erda |
||
| 100 | 1 | _aBenzo | |
| 245 | 0 | 1 |
_aAstuces et règles de base pour apprendre à lire et écrire le créole _c['Benzo'] |
| 264 | 1 |
_bIbis Rouge _c2005 |
|
| 300 | _a p. | ||
| 336 |
_btxt _2rdacontent |
||
| 337 |
_bc _2rdamdedia |
||
| 338 |
_bc _2rdacarrier |
||
| 650 | 0 | _a | |
| 700 | 0 | _aBenzo | |
| 856 | 4 | 0 |
_2Cyberlibris _uhttps://international.scholarvox.com/netsen/book/45007907 _qtext/html _a |
| 520 | _aMais que vient donc faire Benzo dans ce foisonnement d'ouvrages sur la langue créole de Guadeloupe, parus ou à paraître ? Benzo est d'abord enseignant. Son ouvrage est la contribution d'un pédagogue en prise avec la réalité de la classe au quotidien, s'adressant à d'autres pédagogues. Qui peut mieux qu'un praticien connaître les besoins de ses pairs ? Ni scientifique, ni théorique - Benzo n'a pas cette prétention -, cet ouvrage est un témoignage. Le témoignage du « saltimbanque-serviteur » du créole qu'est Benzo depuis de si nombreuses années. Il n'empêche ! Sa réflexion sur le fonctionnement de la langue, la description qu'il en fait, légitiment sans conteste son ambition : apporter sa pierre à l'édifice. Dans ce sens, l'ouvrage de Benzo contribue à faire progresser l'idée qu'il est possible d'obtenir et de fixer une cohérence grammaticale, une cohérence graphique, une cohérence lexicale du créole. Les candidats au capes de créole, les lycéens qui choisissent l'option créole au bac, les formateurs mais aussi les membres des différents jurys ont besoin de référents. L'ouvrage de Benzo répond à cette attente et alimente la dynamique. Qu'il soit le bienvenu et accueilli comme il se doit. Sak diri-la lwen plen. Moïse SOREZE | ||
| 999 |
_c1552417 _d1552417 |
||